000 00243nam a2200097Ia 4500
001 923271
005 20250826191459.0
008 250824s9999 xx 000 0 und d
245 0 _aAYET AYET HAYAT
_cYAVUZ BAHADIROĞLU
260 _bPANAMA YAYINLARI
999 _c923271
_d923271